Governance and politics of China / (Record no. 18211)
[ view plain ]
| 000 -LEADER | |
|---|---|
| fixed length control field | 00932cam a22002898a 4500 |
| 001 - CONTROL NUMBER | |
| control field | 16602002 |
| 005 - DATE AND TIME OF LATEST TRANSACTION | |
| control field | 20140406114550.0 |
| 008 - FIXED-LENGTH DATA ELEMENTS--GENERAL INFORMATION | |
| fixed length control field | 110106s2011 xxkad frb 001 0 eng d |
| 010 ## - LIBRARY OF CONGRESS CONTROL NUMBER | |
| LC control number | 2011000352 |
| 020 ## - INTERNATIONAL STANDARD BOOK NUMBER | |
| International Standard Book Number | 9780230279933 (pbk.) |
| 040 ## - CATALOGING SOURCE | |
| Original cataloging agency | DLC |
| Transcribing agency | DLC |
| 043 ## - GEOGRAPHIC AREA CODE | |
| Geographic area code | a-cc--- |
| 082 04 - DEWEY DECIMAL CLASSIFICATION NUMBER | |
| Classification number | 320.951 |
| Edition number | 22 |
| Item number | SAI |
| 100 1# - MAIN ENTRY--PERSONAL NAME | |
| Personal name | Saich, Tony |
| 9 (RLIN) | 35891 |
| 245 10 - TITLE STATEMENT | |
| Title | Governance and politics of China / |
| Statement of responsibility, etc | Tony Saich. |
| 250 ## - EDITION STATEMENT | |
| Edition statement | 3rd ed., |
| Remainder of edition statement | fully revised and updated. |
| 260 ## - PUBLICATION, DISTRIBUTION, ETC. (IMPRINT) | |
| Place of publication, distribution, etc | Houndmills, United Kingdom : |
| Name of publisher, distributor, etc | Palgrave Macmillan, |
| Date of publication, distribution, etc | 2011. |
| 300 ## - PHYSICAL DESCRIPTION | |
| Extent | xv, 428 p. : |
| Other physical details | charts, tables ; |
| Dimensions | 24 cm. |
| 490 0# - Series Statement | |
| Series statement | Comparative government and politics |
| 500 ## - GENERAL NOTE | |
| General note | Index : p. 421-428. |
| 504 ## - BIBLIOGRAPHY, ETC. NOTE | |
| Bibliography, etc | Bibliography : p. 398-420. |
| 651 #0 - SUBJECT ADDED ENTRY--GEOGRAPHIC NAME | |
| Geographic name | China |
| General subdivision | Politics and government |
| Chronological subdivision | 1949- |
| 9 (RLIN) | 35892 |
| 651 #0 - SUBJECT ADDED ENTRY--GEOGRAPHIC NAME | |
| Geographic name | China |
| General subdivision | Economic policy |
| Chronological subdivision | 1949- |
| 9 (RLIN) | 35893 |
| 653 ## - INDEX TERM--UNCONTROLLED | |
| Resource For college | BAEPS, Political Science |
| Arrived date list | April2014 |
| 655 ## - INDEX TERM--GENRE/FORM | |
| Form subdivision | |
| -- | 34232 |
| 942 ## - ADDED ENTRY ELEMENTS (KOHA) | |
| Source of classification or shelving scheme | Dewey Decimal Classification |
| Call number prefix | 320.951 SAI |
| Withdrawn status | Item status | Source of classification or shelving scheme | Damaged status | Not for loan | Vendor | Home library | Current library | Shelving location | Date acquired | Source of acquisition | Cost, normal purchase price | Total Checkouts | Total Renewals | Full call number | Barcode | Date last seen | Date last borrowed | Cost, replacement price | Koha item type |
|---|---|---|---|---|---|---|---|---|---|---|---|---|---|---|---|---|---|---|---|
| Dewey Decimal Classification | Baccah | Central Library | Central Library | First floor | 06/04/2014 | 280.00 | 2 | 1 | 320.951 SAI | 000035869 | 15/07/2025 | 21/11/2018 | 350.00 | Book - Borrowing |